Statystyki dla Terytoria podległe w europie

Kliknij tutaj aby rozwiązać quiz!

Ogólne statystyki

  • Ten quiz został rozwiązany 107 razy
    (98 od ostatniego zresetowania)
  • Średni wynik to 6 z 13

Statystyki odpowiedzi

Odpowiedź% Poprawnych
Szkocja
69%
Irlandia Północna
64%
Walia
64%
Wyspy Owcze
61%
Gibraltar
52%
Anglia
48%
Katalonia
45%
Wyspa Man
37%
Jersey
29%
Naddniestrze
29%
Guernsey
28%
Wyspy Alandzkie
21%
Bretonia
9%

Rozkład punktacji

Percentyl według liczby udzielonych odpowiedzi

Procent ludzi z każdym wynikiem

Twoja historia wyników

Nie rozwiązałeś tego quizu od ostatniego zresetowania